The Stone mouse

Bibliographic Details
Main Author: Nimmo, Jenny
Other Authors: Craig, Helen
Format: Book
Published: London : Walker Books , 1994
Subjects:

MARC

LEADER 00000cam a2200000 7i4500
001 0000065310
005 20030409.0
020 |a 0744531861 
090 0 0 |a JF   |b NIM 
100 1 |a Nimmo, Jenny 
245 1 4 |a The Stone mouse   |c Jenny Nimmo ; illustrated by Helen Craig 
260 |a London :   |b Walker Books ,   |c 1994 
300 |a 61p. :   |b ill. ;   |c 25cm. 
650 0 0 |a Children's stories 
700 1 |a Craig, Helen 
999 |a 00151435   |b BUKU   |c PINJAMAN   |e PERPUSTAKAAN KOMUNITI PETALING JAYA 
999 |a 00151436   |b BUKU   |c PINJAMAN   |e PERPUSTAKAAN KOMUNITI PETALING JAYA 
999 |a 00151437   |b BUKU   |c PINJAMAN   |e PERPUSTAKAAN KOMUNITI PETALING JAYA